00258nam a2200109Ia 4500008004100000100001700041245002700058260001700085650002200102942000700124999001700131190216s9999||||xx |||||||||||||| ||und|| aGupthan Nair 0aRandu Moliyoor Nadakam bNbs Kottayam aMalayalam Nadakam cBK c24865d24865